00501 2200193 4500001002100000005001500021035002000036007000300056008004100059020002200100082001100122084001700133100002300150245004500173250001100218260001900229300003600248650002300284INLIS00000000000201820260211014657 a0010-0226000028ta260211 g 0 ind  a978-979-518-149-1 a158.24 a158.24 DRS p0 aDrs. Save M. Dagun1 aPSIKOLOGI KELUARGA /cDrs. Save M. Dagun aCet. 3 aJakarta,c2013 axii + 170 hlm ;c14,5 x 20,5 cm aPsikologi Keluarga